000 00815nas a2200265 4500
001 BR9902955
003 BR-BrBNA
005 20231205101441.0
007 ta
008 230509b bl.|||p| |||| 00| 00por d
040 _aBR-BrBNA
_bpor
_cBiblioteca Nacional de Agricultura
041 _a(Pt)
072 _aH10
100 1 _aCarvalho, A.G. de
100 1 _aPedrosa-Macedo, J.H.
100 1 _aSantos, H.R. dos
245 1 _aBioecologia de Sirex noctilio fabricius, 1793 (Hymenoptera: Siricidae)em povoamentos de Pinus taeda L.
650 _aPinheiro
650 _aVespa-da-Madeira
650 _aControle Biologico
650 _aBiologia
773 0 _tFloresta e Ambiente (Brazil)
_xISSN 1415-0980
_g(1994), (no. 1) p. 7-18
_wBR9902955
909 _a202311
_bLúcia
_c55
_dLúcia Elande
942 _2AGRIS
_n0
_cANA
999 _c161931
_d161931